000 01075cam a22003138i 4500
001 18390544
003 SISC
005 20161116114252.0
008 141201s2015 nyu 000 0 eng
010 _a 2014043202
020 _a9789814646932
040 _aDLC
_beng
_cDLC
_erda
042 _apcc
050 0 0 _aHD 30.22
_b.B729 2016
082 0 0 _a658
100 1 _aBrickley, James A.
245 1 0 _aManagerial economics and organizational architecture /
_cJames A. Brickley, Clifford W. Smith, Jerold L. Zimmerman, William E. Simon, Graduate School of Business Administration, University of Rochester.
250 _a6th edition.
260 _aNew York :
_bMcGraw Hill,
_c2016.
263 _a1502
300 _axxvi,739 pages :
_billustrations ;
_c26 cm.
490 0 _aThe McGraw-Hill series in economics
500 _aIncludes index.
650 0 _aManagerial economics.
650 0 _aOrganizational effectiveness.
906 _a7
_bcbc
_corignew
_d1
_eecip
_f20
_gy-gencatlg
942 _2lcc
_cBK
999 _c305275
_d305275